The noble scholar, jurist, historian


 His Excellency Dr. Abdul Wahhab bin Ibrahim Abu Sulaiman, may Allah have mercy on him.


 He was born in Umm Al-Qura in the year 1356 AH.

تخريج أحاديث شرح المواقف / (Record no. 13802)

MARC details
000 -LEADER
fixed length control field 01239cam a2200265 i 4500
003 - CONTROL NUMBER IDENTIFIER
control field SA-RiAUC
005 - DATE AND TIME OF LATEST TRANSACTION
control field 20251230063837.0
008 - FIXED-LENGTH DATA ELEMENTS--GENERAL INFORMATION
fixed length control field 251229s1985 ku g 00000 ara c
040 ## - CATALOGING SOURCE
Original cataloging agency SA-JeALM
Language of cataloging ara
Transcribing agency SA-RiAUC
Description conventions rda
082 04 - DEWEY DECIMAL CLASSIFICATION NUMBER
Classification number 237.6
090 ## - LOCALLY ASSIGNED LC-TYPE CALL NUMBER (OCLC); LOCAL CALL NUMBER (RLIN)
Classification number (OCLC) (R) ; Classification number, CALL (RLIN) (NR) 237.6
Local cutter number (OCLC) ; Book number/undivided call number, CALL (RLIN) ج ل ا
100 1# - MAIN ENTRY--PERSONAL NAME
Personal name الجلال السيوطي، عبد الرحمن بن أبي بكر بن محمد،
Dates associated with a name 849-911 هجري
Relator term مؤلف.
245 10 - TITLE STATEMENT
Title تخريج أحاديث شرح المواقف /
Statement of responsibility, etc. جلال الدين السيوطي ؛ حققه وعلق عليه حمدي عبد المجيد السلفي.
246 ## - VARYING FORM OF TITLE
Title proper/short title تخريج أحاديث شرح المواقف للجرجاني . تخريج أحاديث شرح العقائد للتفتازاني
250 ## - EDITION STATEMENT
Edition statement الطبعة الأولى.
264 #1 - PRODUCTION, PUBLICATION, DISTRIBUTION, MANUFACTURE, AND COPYRIGHT NOTICE
Place of production, publication, distribution, manufacture الكويت :
Name of producer, publisher, distributor, manufacturer مكتبة دارالأقصى،
Date of production, publication, distribution, manufacture, or copyright notice 1985
300 ## - PHYSICAL DESCRIPTION
Extent 81 صفحة ؛
Dimensions 16 سم .
336 ## - CONTENT TYPE
Content type term نص
Content type code txt
Source rdacontent
Materials specified كتاب
337 ## - MEDIA TYPE
Media type term بدون وسيط
Media type code n
Source rdamedia
650 #7 - SUBJECT ADDED ENTRY--TOPICAL TERM
Topical term or geographic name entry element الحديث
General subdivision مستخرجات
Source of heading or term aucsh
700 1# - ADDED ENTRY--PERSONAL NAME
Personal name السلفي، حمدي بن عبد المجيد بن إسماعيل،
Dates associated with a name 1931-2012
Relator term محقق.
740 2# - ADDED ENTRY--UNCONTROLLED RELATED/ANALYTICAL TITLE
Uncontrolled related/analytical title شرح العقائد.
942 ## - ADDED ENTRY ELEMENTS (KOHA)
Source of classification or shelving scheme Dewey Decimal Classification
Koha item type Books
Suppress in OPAC No
949 ## - LOCAL PROCESSING INFORMATION (OCLC)
a SA-JeALM
d 251229
u osman123
n 1
Holdings
Withdrawn status Lost status Source of classification or shelving scheme Damaged status Not for loan Home library Current library Date acquired Total checkouts Full call number Barcode Date last seen Price effective from Koha item type
    Dewey Decimal Classification     DR AbdElwahab Library DR AbdElwahab Library 12/30/2025   237.6 ج ل ا 000022155 12/30/2025 12/30/2025 Books